Guess the Music Artist by their Album - Statistics

General Stats
  • This quiz has been taken 77 times
  • The average score is 7 of 15
Answer Stats
Question Answer % Correct
Born To Die Lana Del Rey
74%
GUTS Olivia Rodrigo
74%
Pink Friday Nicki Minaj
68%
Invasion of Privacy Cardi B
63%
Lover Taylor Swift
58%
Dolls EP Bella Poarch
47%
Midnight Memories One Direction
47%
Narrated For You Alec Benjamin
42%
Fine Line Harry Styles
42%
Takin' It Back Meghan Trainor
42%
CALM 5 Seconds of Summer
37%
In The Zone Britney Spears
37%
REVAMPED Demi Lovato
37%
Egg in the Backseat Em Beihold
32%
Let Go Arvil Lavigne
26%
No matching quizzes found
Score Distribution
Percent of People with Each Score
Percentile by Number Answered
Your Score History
You have not taken this quiz